000
00264nam a2200097Ia 4500
001
646852
005
20250826153650.0
008
250824s9999 xx 000 0 und d
245
0
_a
GENÇ PRENSİN DÖNÜŞÜ
_c
ALEJANDRO GUİLLERMO ROEMMERS
260
_b
TİMAŞ KÜLTÜR
999
_c
646852
_d
646852